Cuadernos de Nuestra América /
Gardado en:
| Autor Corporativo: | |
|---|---|
| Formato: | Libro |
| Idioma: | Spanish |
| Publicado: |
La Habana, Cuba,
Centro de Estudios sobre América
|
| Materias: | |
| Etiquetas: |
Engadir etiqueta
Sen Etiquetas, Sexa o primeiro en etiquetar este rexistro!
|
MARC
| LEADER | 00000nam a22000007a 4500 | ||
|---|---|---|---|
| 003 | cru CIDCACS/IIS | ||
| 005 | 20201001163953.0 | ||
| 007 | ta | ||
| 008 | 201001b ||||| |||| 00| 0 spa d | ||
| 999 | |c 43410 |d 43410 | ||
| 040 | |c cru CIDCACS/IIS | ||
| 090 | |a REV0240 | ||
| 110 | 2 | |9 9637 |a Centro de Estudios sobre América | |
| 245 | 2 | |a Cuadernos de Nuestra América / |c Centro de Estudios sobre América | |
| 260 | |a La Habana, Cuba, |b Centro de Estudios sobre América | ||
| 270 | |a Calle 18 nº 1316 e 3º y 5º playa, zona postal 13, ciudad de la Habana | ||
| 500 | |a EXISTENCIAS : 1983 1 (0) 1984 1 (1-2) 1985 2 (3-4) 1986 3 (5-6) 1987 4 (7-8) 1988 5 (9-11) 1989 6 (12-13) 1990-1992 7-9 (14-18) 1994 11 (22) 1995 12 (23-24) 2000 13 (25) 2000-2001 13-14 (26-27) 2001 14 (28) 2002 15 (29-30) 2003 16 (31) PERIODICIDAD : Semestral | ||
| 650 | 0 | |9 382 |a POLITICA INTERNACIONAL | |
| 650 | 4 | |9 2646 |a RELACIONES INTERNACIONALES | |
| 650 | 0 | |9 243 |a ESTADO | |
| 650 | 4 | |9 1924 |a IMPERIALISMO | |
| 650 | 4 | |9 1934 |a MILITARISMO | |
| 650 | 0 | |9 452 |a TRAFICO DE DROGAS | |
| 650 | 0 | |9 595 |a CARICOM | |
| 650 | 0 | |9 131 |a DICTADURA | |
| 650 | 0 | |9 38 |a DERECHOS HUMANOS | |
| 650 | 0 | |9 83 |a DEMOCRACIA | |
| 650 | 0 | |9 2097 |a SOCIALISMO | |
| 650 | 4 | |9 1935 |a RECESION ECONOMICA | |
| 942 | |2 ddc |c PP | ||
